ბათუმის შოთა რუსთაველის სახელმწიფო უნივერსიტეტის ბიბლიოთეკა

ლუდის, უალკოჰოლო სასმელების და მინერალური წყლების ექსპერტიზა (ბიბ.ჩანაწერი № 50776)

000 -LEADER
fixed length control field 01224nam a2200241Ia 4500
001 - CONTROL NUMBER
control field 17728
003 - CONTROL NUMBER IDENTIFIER
control field GE_BSU
008 - FIXED-LENGTH DATA ELEMENTS--GENERAL INFORMATION
fixed length control field 181216s||||||||xx |||||||||||||| ||und||
020 ## - INTERNATIONAL STANDARD BOOK NUMBER
International Standard Book Number 9789941459047
040 ## - CATALOGING SOURCE
Transcribing agency GE_BSU
080 ## - UNIVERSAL DECIMAL CLASSIFICATION NUMBER
Universal Decimal Classification number 663.86
100 ## - MAIN ENTRY--PERSONAL NAME
Personal name ბენდელიანი, ე., ფრუიძე, მ.
245 ## - TITLE STATEMENT
Title ლუდის, უალკოჰოლო სასმელების და მინერალური წყლების ექსპერტიზა
245 ## - TITLE STATEMENT
Remainder of title სახელმძღვანელო უმაღლესი სკოლის სასურსათო ტექნოლოგიის სპეციალობის სტუდენტებისათვის.
245 ## - TITLE STATEMENT
Statement of responsibility, etc. რედ.:ქ.კინწურაშვილი
260 ## - PUBLICATION, DISTRIBUTION, ETC.
Place of publication, distribution, etc. ქუთაისი
260 ## - PUBLICATION, DISTRIBUTION, ETC.
Name of publisher, distributor, etc. აკაკი წერეთლის სახ. უნ-ტი
260 ## - PUBLICATION, DISTRIBUTION, ETC.
Date of publication, distribution, etc. 2014
300 ## - PHYSICAL DESCRIPTION
Extent 244გვ.20სმ.
300 ## - PHYSICAL DESCRIPTION
Accompanying material ბიბლ.გვ.237-239
653 ## - INDEX TERM--UNCONTROLLED
Uncontrolled term ლუდის, უალკოჰოლო სასმელების და მინერალური წყლების ექსპერტიზა
942 ## - ADDED ENTRY ELEMENTS (KOHA)
Koha item type წიგნი
ეგზემპლარები
Withdrawn status Lost status Damaged status Not for loan Date acquired Barcode Date last seen Price effective from Koha item type
        2018-12-17 41588 2018-12-17 2018-12-17 წიგნი